Hard general Knowledge #2 - Statistics

General Stats
  • This quiz has been taken 66 times
  • The average score is 5 of 20
Answer Stats
Hint Answer % Correct
Who wrote Dracula Bram Stoker
75%
What musical period preceded the classical period of music baroque
53%
Who is considered to be the founder of philosophical Taoism Laozi
44%
What type of rock is formed from the transformation of other rocks when they are subjected to high temperature and or high pressure metamorphic rock
42%
What was the first model of car to be driven up Ben Nevis Model T
35%
What is the name of the island in Russia which is directly north of Japan Sakhalin island
32%
What Russian republic borders Murmansk oblast and Finland and which's flag is pictured in the thumbnail Karelia
26%
Which German fighter ace was known as the red baron Manfred Albrecht Freiherr von Richthofen
25%
Who was the Greek goddess of discord Eris
23%
Whose last theorem was proved by Andrew Wiles in 1993 Pierre de Fermat
23%
What is the name of the property of something that is easily drawn into wires ductility
21%
What team contact sport, that originated in ancient India, league's name is the PKL Kabaddi
21%
Who was the first Whig president of the USA William Henry Harrison
19%
what is the genus of the bubonic plague Yersinia
12%
What is the name of the purple dye that was made Tyrian purple
9%
On what hill near Gloucestershire is an annual cheese rolling competition held Cooper's Hill
7%
Who was alleged to have pretended to be Edward Plantagenet and lead a Yorkist army army against Henry VII in the battle of stoke field lambert Simnel
7%
Who was the youngest founder of YouTube Jawed Karim
5%
What species of sea snails mucus was used to make purple dye Murex
5%
Who was the first Tory prime minister of the UK John Stuart
2%
No matching quizzes found
Score Distribution
Percent of People with Each Score
Percentile by Number Answered
Your Score History
You have not taken this quiz